000 00740nam a2200241Ia 4500
003 OSt
005 20220926012323.0
006 a|||||r|||| 00| 0
007 ta
008 220923b |||||||| |||| 00| 0 eng d
020 _a9781107602571
_c625.00
037 _b113528, 12/03/2019, International Book Distrobutors
_cGeneral Book
040 _aRTL
_cRTL
_beng
041 _2eng
_aeng
082 _aX:(R4), Q1
100 _aSINGER Peter
_931579
245 0 _aPractical ethics.
250 _a3rd
260 _aNew York
_bCambridge University Press
_c2011
300 _axiii, 337p
_ccm.
942 _hX:(R4), Q1
_cGB
_2CC
999 _c622511
_d622511